[Event "Peterhof op"]
[Site "Peterhof"]
[Date "2010.01.09"]
[Round "8"]
[White "Fedorov, Sergey"]
[Black "Musaev, Shamil"]
[Result "0-1"]
[WhiteElo "2139"]
[BlackElo "1813"]
[PlyCount "104"]
[EventDate "2010.01.03"]
[EventType "swiss"]
[EventRounds "9"]
[EventCountry "RUS"]
[SourceTitle "CBM 134 Extra"]
[Source "ChessBase"]
[SourceDate "2010.03.03"]
[SourceVersion "1"]
[SourceVersionDate "2010.03.03"]
[SourceQuality "1"]

1. e4 c6 2. Nf3 d5 3. exd5 cxd5 4. d4 Nf6 5. Bd3 g6 6. 0-0 Bg7 7. c3 0-0 8. h3 Nc6 9. Be3 Re8 10. Re1 e5 11. dxe5 Nxe5 12. Nxe5 Rxe5 13. Bd4 Rxe1+ 14. Qxe1 Be6 15. Nd2 Nh5 16. Bxg7 Nxg7 17. Qe3 Qd7 18. Re1 Qa4 19. a3 Rd8 20. Nf3 Qb3 21. Qd2 Qb6 22. Nd4 a6 23. Qg5 Re8 24. Re2 Qd8 25. Qxd8 Rxd8 26. g4 Re8 27. f3 Kf8 28. Kf2 Ke7 29. f4 Kd6 30. f5 gxf5 31. Bxf5 Kd7 32. Kg3 Rh8 33. Kf4 h5 34. g5 h4 35. Bxe6+ Nxe6+ 36. Nxe6 fxe6 37. Kg4 Ke7 38. Rf2 e5 39. Rf6 e4 40. Kf5 Rf8 41. Rxf8 Kxf8 42. Kf4 Kf7 43. c4 dxc4 44. Kxe4 Kg6 45. a4 b6 46. a5 bxa5 47. Kd4 Kxg5 48. Kxc4 Kf4 49. Kd3 Kg3 50. Ke3 Kxh3 51. Kf3 a4 52. Ke2 Kg4 0-1

[Event "Peterhof op"]
[Site "Peterhof"]
[Date "2010.01.08"]
[Round "7"]
[White "Musaev, Shamil"]
[Black "Belov, Vadim G"]
[Result "0-1"]
[WhiteElo "1813"]
[BlackElo "2313"]
[PlyCount "74"]
[EventDate "2010.01.03"]
[EventType "swiss"]
[EventRounds "9"]
[EventCountry "RUS"]
[SourceTitle "CBM 134 Extra"]
[Source "ChessBase"]
[SourceDate "2010.03.03"]
[SourceVersion "1"]
[SourceVersionDate "2010.03.03"]
[SourceQuality "1"]

1. e4 e6 2. d4 d5 3. Nd2 c5 4. Ngf3 Nc6 5. c3 Qb6 6. exd5 exd5 7. Qe2+ Be7 8. Qb5 Bd7 9. dxc5 Bxc5 10. Qxb6 Bxb6 11. Bb5 0-0-0 12. 0-0 Nf6 13. Nb3 Ne4 14. Nbd4 Nxd4 15. Bxd7+ Rxd7 16. Nxd4 Bxd4 17. cxd4 Re8 18. Bf4 Re6 19. f3 Nd6 20. Rac1+ Kd8 21. Kf2 Nf5 22. Rfd1 Rb6 23. b3 f6 24. g4 Ne7 25. g5 Ng6 26. Be3 Ke8 27. Rc8+ Kf7 28. Rdc1 Re6 29. R8c7 Rde7 30. Rxe7+ Nxe7 31. Rc7 Ra6 32. Rxb7 Rxa2+ 33. Kg3 Ke6 34. gxf6 gxf6 35. h4 Nf5+ 36. Kf4 Nxh4 37. Rxh7 Ng2+ 0-1

[Event "Peterhof op"]
[Site "Peterhof"]
[Date "2010.01.03"]
[Round "1"]
[White "Musaev, Shamil"]
[Black "Kazakevich, Grigoriy"]
[Result "1/2-1/2"]
[WhiteElo "1813"]
[BlackElo "2169"]
[PlyCount "123"]
[EventDate "2010.01.03"]
[EventType "swiss"]
[EventRounds "9"]
[EventCountry "RUS"]
[SourceTitle "CBM 134 Extra"]
[Source "ChessBase"]
[SourceDate "2010.03.03"]
[SourceVersion "1"]
[SourceVersionDate "2010.03.03"]
[SourceQuality "1"]

1. e4 d6 2. d4 g6 3. Nc3 Bg7 4. Be3 c6 5. Qd2 Nd7 6. 0-0-0 Qa5 7. Bc4 b5 8. Bb3 Nb6 9. e5 d5 10. a4 Nc4 11. Qe1 Rb8 12. Bd2 Bh6 13. f4 bxa4 14. Nxa4 Nxd2 15. Qxd2 Qxd2+ 16. Kxd2 Bxf4+ 17. Ke2 e6 18. Nc5 Ne7 19. Ra1 Ra8 20. g4 h5 21. Rf1 g5 22. Nh3 hxg4 23. Nxf4 gxf4 24. Rxf4 g3 25. Kf3 Nf5 26. Kg2 gxh2 27. Rxh2 Rxh2+ 28. Kxh2 Ke7 29. Ba4 Bd7 30. c3 Rg8 31. Rf3 Be8 32. Bc2 Nh6 33. Kh3 Rg1 34. Rg3 Rf1 35. Kg2 Rc1 36. Bd3 Rd1 37. Kf3 Rd2 38. Rg2 Rxg2 39. Kxg2 f5 40. Ba6 Bd7 41. Kf3 Ng4 42. Bb7 Kd8 43. Ba6 Nh6 44. Kf4 Nf7 45. Be2 Ke7 46. Bh5 Nd8 47. Kg5 Bc8 48. Be2 Nb7 49. Nxb7 Bxb7 50. b4 Bc8 51. Bd3 Bd7 52. Be2 Be8 53. Ba6 Kf7 54. Bc8 Ke7 55. Ba6 Kd7 56. Be2 Ke7 57. Ba6 Bd7 58. Be2 Bc8 59. Kg6 Bb7 60. Kg5 Kf7 61. Bh5+ Kg7 62. Be2 1/2-1/2

[Event "St Petersburg June op"]
[Site "St Petersburg"]
[Date "2008.06.23"]
[Round "3"]
[White "Musaev, Shamil"]
[Black "Karalkin, Maksim"]
[Result "0-1"]
[WhiteElo "1856"]
[BlackElo "2261"]
[PlyCount "56"]
[EventDate "2008.06.21"]
[EventType "swiss"]
[EventRounds "9"]
[EventCountry "RUS"]
[SourceTitle "CBM 125 Extra"]
[Source "ChessBase"]
[SourceDate "2008.09.01"]
[SourceVersion "1"]
[SourceVersionDate "2008.09.01"]
[SourceQuality "1"]

1. e4 d6 2. d4 Nf6 3. Nc3 g6 4. Be3 c6 5. Qd2 b5 6. Bd3 a6 7. f4 Ng4 8. Nf3 Nxe3 9. Qxe3 Bg7 10. 0-0-0 Nd7 11. Rhf1 Nb6 12. Qf2 Nc4 13. h3 Qa5 14. Bxc4 bxc4 15. Qe2 0-0 16. Qxc4 Rb8 17. Qa4 Qb6 18. Qb3 Qc7 19. Qc4 Be6 20. d5 Bd7 21. dxc6 Be6 22. Nd5 Bxb2+ 23. Kd2 Bxd5 24. exd5 e6 25. f5 exd5 26. Qh4 Qxc6 27. g4 Rfe8 28. Rde1 Bc3+ 0-1

[Event "St Petersburg March op"]
[Site "St Petersburg"]
[Date "2008.03.30"]
[Round "9"]
[White "Grechishkin, Vitaly"]
[Black "Musaev, Shamil"]
[Result "1/2-1/2"]
[WhiteElo "1910"]
[BlackElo "1856"]
[PlyCount "102"]
[EventDate "2008.03.22"]
[EventType "swiss"]
[EventRounds "9"]
[EventCountry "RUS"]
[SourceTitle "EXT 2010"]
[Source "ChessBase"]
[SourceDate "2010.11.25"]
[SourceVersion "1"]
[SourceVersionDate "2010.11.25"]
[SourceQuality "1"]

1. Nf3 e6 2. d4 Nf6 3. h3 d5 4. Bf4 Bd6 5. Ne5 Nbd7 6. e3 Bxe5 7. dxe5 Ne4 8. Nd2 Nxd2 9. Qxd2 c5 10. Bb5 Qb6 11. Bxd7+ Bxd7 12. 0-0 Qc6 13. b3 b5 14. c3 0-0 15. Rfd1 a5 16. e4 a4 17. b4 cxb4 18. cxb4 Qc4 19. exd5 exd5 20. Qxd5 Qxf4 21. Qxd7 Qxe5 22. a3 h6 23. Qd5 Rfe8 24. Rac1 Qxd5 25. Rxd5 Rac8 26. Rcc5 Rxc5 27. Rxc5 Re1+ 28. Kh2 Ra1 29. Rc3 Rb1 30. Rc2 Rb3 31. Ra2 Kf8 32. f3 Ke7 33. Kg3 f5 34. Kh4 Kf6 35. Kh5 Rc3 36. Rd2 Rxa3 37. Rd6+ Ke7 38. Rb6 Ra2 39. g4 fxg4 40. fxg4 Rb2 41. Rxb5 a3 42. Kg6 a2 43. Ra5 Rxb4 44. Rxa2 Rb3 45. h4 Rg3 46. g5 hxg5 47. hxg5 Kf8 48. Rf2+ Kg8 49. Rf4 Ra3 50. Rb4 Ra6+ 51. Kh5 Kh7 1/2-1/2

[Event "St Petersburg March op"]
[Site "St Petersburg"]
[Date "2008.03.27"]
[Round "6"]
[White "Nugaev, Nail"]
[Black "Musaev, Shamil"]
[Result "1-0"]
[WhiteElo "1985"]
[BlackElo "1856"]
[PlyCount "39"]
[EventDate "2008.03.22"]
[EventType "swiss"]
[EventRounds "9"]
[EventCountry "RUS"]
[SourceTitle "EXT 2010"]
[Source "ChessBase"]
[SourceDate "2010.11.25"]
[SourceVersion "1"]
[SourceVersionDate "2010.11.25"]
[SourceQuality "1"]

1. e4 c6 2. d4 d5 3. e5 Bf5 4. g4 Bg6 5. h4 h6 6. h5 Bh7 7. e6 fxe6 8. Bd3 Na6 9. Bxh7 Rxh7 10. Qd3 Nf6 11. Qg6+ Kd7 12. Nf3 Qb6 13. Ne5+ Kc7 14. c3 Rd8 15. f4 Rh8 16. Nf7 Ne4 17. Nxd8 Qb5 18. Nxe6+ Kd7 19. Nd2 Ng3 20. Rh2 1-0

[Event "St Petersburg March op"]
[Site "St Petersburg"]
[Date "2008.03.22"]
[Round "1"]
[White "Musaev, Shamil"]
[Black "Markevich, Ilya"]
[Result "0-1"]
[WhiteElo "1856"]
[BlackElo "2080"]
[PlyCount "66"]
[EventDate "2008.03.22"]
[EventType "swiss"]
[EventRounds "9"]
[EventCountry "RUS"]
[SourceTitle "EXT 2010"]
[Source "ChessBase"]
[SourceDate "2010.11.25"]
[SourceVersion "1"]
[SourceVersionDate "2010.11.25"]
[SourceQuality "1"]

1. e4 c5 2. Nf3 e6 3. d4 cxd4 4. Nxd4 a6 5. Nc3 Qc7 6. Bd3 Nf6 7. Qe2 d6 8. Be3 Be7 9. Nb3 0-0 10. 0-0 b5 11. f4 Bb7 12. Rf3 b4 13. Na4 Nbd7 14. Nd2 Bc6 15. b3 d5 16. e5 Nxe5 17. fxe5 Qxe5 18. Qf1 Ng4 19. Rh3 f5 20. Re1 Bxa4 21. Bf2 Qf4 22. bxa4 Qxd2 23. Rxe6 Rae8 24. Be1 Bc5+ 25. Kh1 Rxe6 26. Bxd2 Nf2+ 27. Kg1 Nxh3+ 28. Kh1 Nf2+ 29. Kg1 Nxd3+ 30. Kh1 Nf2+ 31. Kg1 Ne4+ 32. Kh1 Nxd2 33. h3 Nxf1 0-1